|
|
|
|
| LEADER |
01804nam a2200469 a 4500 |
| 001 |
nkc20051635259 |
| 003 |
CZ PrNK |
| 005 |
20230522135610.0 |
| 007 |
ta |
| 008 |
051214s2005 xr e 001 0dcze |
| 015 |
|
|
|a cnb001635259
|
| 020 |
|
|
|a 80-237-3940-9
|q (váz.)
|
| 035 |
|
|
|a (OCoLC)320479591
|
| 040 |
|
|
|a OLA001
|b cze
|d ABA001
|
| 041 |
1 |
|
|a cze
|h ger
|
| 072 |
|
7 |
|a 94(100)
|x Světové dějiny
|2 Konspekt
|9 8
|
| 080 |
|
|
|a 94(100)
|2 MRF
|
| 080 |
|
|
|a (048.8)
|2 MRF
|
| 100 |
1 |
|
|a Geiss, Imanuel,
|d 1931-2012
|7 jn20000601735
|4 aut
|
| 245 |
1 |
0 |
|a Dějiny světa v souvislostech /
|c Imanuel Geiss ; přeložila Dagmar Moravcová
|
| 260 |
|
|
|a Praha :
|b Ivo Železný,
|c 2005
|
| 300 |
|
|
|a 529 s. ;
|c 21 cm
|
| 490 |
1 |
|
|a Malá moderní encyklopedie
|
| 500 |
|
|
|a Přeloženo z němčiny
|
| 500 |
|
|
|a Na obálce pod názvem: Levné knihy KMa
|
| 500 |
|
|
|a Chronologické přehledy
|
| 504 |
|
|
|a Obsahuje bibliografie a rejstřík
|
| 650 |
0 |
7 |
|a světové dějiny
|7 ph117271
|2 czenas
|
| 650 |
0 |
9 |
|a world history
|2 eczenas
|
| 655 |
|
7 |
|a chronologické přehledy
|7 fd131969
|2 czenas
|
| 655 |
|
9 |
|a chronological surveys
|2 eczenas
|
| 700 |
1 |
|
|a Moravcová, Dagmar,
|d 1947-
|7 jn20001005018
|4 trl
|
| 765 |
0 |
|
|t Geschichte im Überblick
|9 Česky
|
| 710 |
2 |
|
|a Levné knihy (firma)
|7 kn20030219013
|4 isb
|
| 830 |
|
0 |
|a Malá moderní encyklopedie (Ivo Železný)
|0 s
|
| 856 |
4 |
1 |
|u http://www.digitalniknihovna.cz/mzk/uuid/uuid:60bf1c60-3260-11ed-9cf6-5ef3fc9bb22f
|y Digitalizovaný dokument
|x NDK
|
| 910 |
2 |
|
|a BOA001
|b 2-1162.111
|
| 990 |
|
|
|a BK
|
| 995 |
|
|
|a 01
|
| 991 |
|
|
|b 200601
|c NOV
|
| 996 |
6 |
|
|b 2610268554
|c 2-1162.111
|l MZK
|r Sklad / do 1 hodiny
|n 2
|p p.v.
|w 000801661
|u 000010
|a 1
|e BOA001
|j MZK50
|s P
|
| 996 |
7 |
|
|b 2610274674
|c 2-1162.111
|l MZK
|r Sklad / do 1 hodiny
|n 53
|p kup
|w 000801661
|u 000020
|a 1
|e BOA001
|j MZK50
|s A
|